000 00588nam a2200229Ia 4500
003 OSt
005 20221005113629.0
006 a|||||r|||| 00| 0
007 ta
008 221004b |||||||| |||| 00| 0 mal d
024 _a52837
037 _cTextual
040 _aCRL
_cCRL
_bmal
041 _2mal
_amal
082 _aL:4:97, 32G7
100 _aVarma Ravi Au.
_9624672
245 0 _aAarorya raksha-sastravum pradhama - susrooshayum
260 _c1937
650 _aMEDICINE
942 _hL:4:97, 32G7
_cTEXL
_2cc
999 _c1028808
_d1028808